Houghton v SoS Environment and Bromley LBC (Record no. 8949)

MARC details
000 -LEADER
fixed length control field 01520cab a2200265 4500
001 - CONTROL NUMBER
control field ABS55056
008 - FIXED-LENGTH DATA ELEMENTS--GENERAL INFORMATION
fixed length control field 090401t1996 xxu||||| |||| 00| 0 eng d
035 ## - SYSTEM CONTROL NUMBER
System control number (Sirsi) u13860
041 ## - LANGUAGE CODE
Language code of text/sound track or separate title eng
245 ## - TITLE STATEMENT
Title Houghton v SoS Environment and Bromley LBC
260 ## - PUBLICATION, DISTRIBUTION, ETC.
Date of publication, distribution, etc. 1996
350 ## - PRICE (NR) (BK AM CF MU VM SE) [OBSOLETE]
Price 0
490 ## - SERIES STATEMENT
Series statement Journal of Planning and Environment Law
Volume/sequential designation [1996] JPL 396-405(10)
520 ## - SUMMARY, ETC.
Summary, etc. QBD 12 January 1996. An application for planning permission to change the use of green belt woodland sited behind the applicant`s garden boundary to residential garden land including a tennis court, pavilion and mower store had been refused, a refusal which was upheld on appeal. Controversy centred on the interpretation of PPG2 paragraph 13 which allowed for the development of `outdoor sport` on green belt land. However even if the term encompassed private as well as public sport, the buildings constituted an unacceptable development and the whole project would set a precedent for neighbouring and similar properties. Appeal dismissed on grounds that such a development conflicted with the aim of the green belt, the UDP and the character of the woodland.
650 ## - SUBJECT ADDED ENTRY--TOPICAL TERM
Topical term or geographic name entry element GREEN BELT LAND
650 ## - SUBJECT ADDED ENTRY--TOPICAL TERM
Topical term or geographic name entry element HOUGHTON V SOS ENVIRONMENT AND BROMLEY LBC
650 ## - SUBJECT ADDED ENTRY--TOPICAL TERM
Topical term or geographic name entry element OUTDOOR SPORT
650 ## - SUBJECT ADDED ENTRY--TOPICAL TERM
Topical term or geographic name entry element PLANNING POLICY GUIDANCE NOTE 2 (GREEN BELTS)
650 ## - SUBJECT ADDED ENTRY--TOPICAL TERM
Topical term or geographic name entry element TENNIS COURTS
650 ## - SUBJECT ADDED ENTRY--TOPICAL TERM
Topical term or geographic name entry element WOODLAND
690 ## - LOCAL SUBJECT ADDED ENTRY--TOPICAL TERM (OCLC, RLIN)
Topical term or geographic name as entry element ENVIRONMENTAL AND LAND CONSULTANCY
690 ## - LOCAL SUBJECT ADDED ENTRY--TOPICAL TERM (OCLC, RLIN)
Topical term or geographic name as entry element PLANNING LAW AND PRACTICE-CASE LAW
942 ## - ADDED ENTRY ELEMENTS (KOHA)
Suppress in OPAC 0
948 ## - LOCAL PROCESSING INFORMATION (OCLC); SERIES PART DESIGNATOR (RLIN)
c (OCLC) 04/03/1997
Holdings
Withdrawn status Lost status Source of classification or shelving scheme Damaged status Not for loan Home library Current library Shelving location Date acquired Total Checkouts Full call number Barcode Date last seen Copy number Price effective from Koha item type
    Dewey Decimal Classification     London London Journal article 14/09/1999   ABS55056 13860-1001 06/08/2019 1 06/08/2019 Law report